| 000 | 00937nam a2200265 i 4500 | ||
|---|---|---|---|
| 001 | 6751 | ||
| 003 | ES-MaACL | ||
| 005 | 20250817063112.0 | ||
| 008 | 900316s1989 sp ||||1| spa d | ||
| 020 | _a84-86497-09-4 | ||
| 080 | _a32(460)"1975/..." | ||
| 245 | 0 | 3 |
_aLa transición democrática española / _cJosé Félix Tezanos, Ramón Cotarelo, Andrés de Blas (eds.). |
| 260 |
_aMadrid : _bSistema, _c[1989] |
||
| 300 |
_a957 p. ; _c23 cm. |
||
| 490 | 1 |
_aColección de ciencias sociales (Sistema) _9241793 |
|
| 504 | _aBibliografía: p. 807-855. | ||
| 651 | 4 |
_aEspaña- _xHistoria- _y1975-1982, Transición. _9149272 |
|
| 700 | 1 |
_aTezanos, José Félix. _9109855 |
|
| 700 | 1 |
_aCotarelo, Ramón, _d1943- _941166 |
|
| 700 | 1 |
_aBlas Guerrero, Andrés de. _929351 |
|
| 830 | 0 |
_aColección de ciencias sociales (Sistema) _9241793 |
|
| 852 |
_aES-MaACL _jL-13955 _z- Enc. cart. |
||
| 942 | _2udc | ||
| 999 |
_c6751 _d6751 |
||